screening of chilli (capsicum spp.) genotypes based on agromorphogenic and physiological traits against drought / (Record no. 15748)

MARC details
000 -LEADER
fixed length control field 01008nam a22002657a 4500
003 - CONTROL NUMBER IDENTIFIER
control field BD-DhSAU
005 - DATE AND TIME OF LATEST TRANSACTION
control field 20220305160004.0
008 - FIXED-LENGTH DATA ELEMENTS--GENERAL INFORMATION
fixed length control field 210929b |||||||| |||| 00| 0 eng d
040 ## - CATALOGING SOURCE
Original cataloging agency BD-DhSAU
082 ## - DEWEY DECIMAL CLASSIFICATION NUMBER
Edition number 22
Classification number 581.35
Item number Is41
100 ## - MAIN ENTRY--PERSONAL NAME
Personal name ISLAM, MD. MUJAHIDUL
Relator term Registration No.:# 18-09242
245 ## - TITLE STATEMENT
Title screening of chilli (capsicum spp.) genotypes based on agromorphogenic and physiological traits against drought /
Remainder of title Ms Thesis
260 ## - PUBLICATION, DISTRIBUTION, ETC. (IMPRINT)
Place of publication, distribution, etc. Sher-e-Bangla Agricultural University ;
Name of publisher, distributor, etc. DEPARTMENT OF GENETICS AND PLANT BREEDING;
Date of publication, distribution, etc. 2020;
300 ## - PHYSICAL DESCRIPTION
Extent xiv;
Other physical details 127p.;
Dimensions 30cm.;
500 ## - GENERAL NOTE
General note Including Index.;
590 ## - Name of Cataloguer
Name of Cataloger Nazmul
600 ## - SUBJECT ADDED ENTRY--PERSONAL NAME
Fuller form of name chilli (capsicum spp.)
610 ## - SUBJECT ADDED ENTRY--CORPORATE NAME
Corporate name or jurisdiction name as entry element agromorphogenic
650 ## - SUBJECT ADDED ENTRY--TOPICAL TERM
Source of heading or term physiological traits
651 ## - SUBJECT ADDED ENTRY--GEOGRAPHIC NAME
Geographic name against drought
700 ## - ADDED ENTRY--PERSONAL NAME
Personal name Prof. Dr. Naheed Zeba
Relator term Supervisor
710 ## - ADDED ENTRY--CORPORATE NAME
Corporate name or jurisdiction name as entry element Prof. Dr. Mohammad Saiful Islam
Relator term Co-Supervisor
856 ## - ELECTRONIC LOCATION AND ACCESS
Link text Online Access
Uniform Resource Identifier <a href=" http://archive.saulibrary.edu.bd:8080/xmlui/handle/123456789/3640"> http://archive.saulibrary.edu.bd:8080/xmlui/handle/123456789/3640</a>
942 ## - ADDED ENTRY ELEMENTS (KOHA)
Source of classification or shelving scheme Dewey Decimal Classification
Koha item type MS Level Thesis
Holdings
Withdrawn status Lost status Source of classification or shelving scheme Damaged status Not for loan Collection code Home library Branch Name Date acquired Total Checkouts Full call number Barcode Date last seen Price effective from Koha item type
    Dewey Decimal Classification   Not For Loan Reference SAU Library SAU Library 05/03/2022   581.35 Is41 43210 05/03/2022 05/03/2022 MS Level Thesis